• 首页
  • 本馆介绍
  • 公告通知
  • 最新文献
  • 馆藏检索
  • 电子资源
  • 读者导购
  • 参考咨询
  • 我的图书馆
  • 登录
  • 详细信息显示
  • 放入我的书架
  • 预约/预借图书
  • 作者相关作品
  • 分类相关作品
  • 丛书相关作品
  • 出版社相关作品

书目信息

  • 表格格式
  • 工作单格式
  • 卡片格式
题名:
第三种文化
    
 
作者: 约翰·布罗克曼 ;吕芳
分册:  
出版信息: 海口   海南出版社  37712
页数: 411页
开本: 20cm
丛书名:
单 册:
中图分类: D01
科图分类:
主题词: 阶级--理论 , 阶级斗争--理论
电子资源:
ISBN: 7-5443-0714-X
000 00600nam0 2200205 450
001 0728815141
005 20070819080015.14
010    @a7-5443-0714-X@d¥24.80
100    @a20070819d km y0chiy0120 ea
101 0  @achi
200 1  @a第三种文化@Adi san zhong wen hua@f约翰·布罗克曼@Fyue han·bu luo ke man@g吕芳@Glu fang
210    @a海口@c海南出版社@d37712
215    @a411页@d20cm
606 0  @a阶级@x理论
606 0  @a阶级斗争@x理论
690    @aD01@v3
701  0 @a约翰·布罗克曼@Ayue han·bu luo ke man
702  0 @a吕芳@Alu fang
801  0 @aCN@bPFT@c20070819
905    @a213230@dD01@eZW90@f1
    
    第三种文化/约翰·布罗克曼/吕芳.-海口:海南出版社,37712
    411页;20cm
    
    
    ISBN 7-5443-0714-X:¥24.80
    
●
相关链接 在E读中查询图书 在五车中查询图书 在当当中查询图书 在豆瓣中查询图书


正题名:第三种文化     索取号:D01/ZW90         预约/预借

序号 登录号 条形码 馆藏地/架位号 状态 备注
1 7601456   276014563   密集书库-文学院/ [索取号:D01/ZW90] 在馆    
唐山师范学院图书馆 欢迎您!
大连网信软件有限公司© 版权所有